[Event "Mecklenburg VP Verbandsliga 2223"]
[Site "Mecklenburg VP"]
[Date "2023.01.15"]
[Round "5.7"]
[White "Glawe, Hartmut"]
[Black "Pamperin, Gerhard"]
[Result "1-0"]
[WhiteElo "2017"]
[BlackElo "1901"]
[PlyCount "61"]
[EventDate "2022.10.23"]
[EventType "team-tourn"]
[EventRounds "9"]
[EventCountry "GER"]
[SourceTitle "EXT 2024"]
[Source "ChessBase"]
[SourceDate "2023.10.10"]
[SourceVersion "1"]
[SourceVersionDate "2023.10.10"]
[SourceQuality "1"]
[WhiteTeam "Stralsund HSG"]
[BlackTeam "Schwerin SF II"]
[WhiteTeamCountry "GER"]
[BlackTeamCountry "GER"]

1. d4 d5 2. Bf4 Nf6 3. e3 e6 4. Nf3 c5 5. Nbd2 Nc6 6. c3 Bd7 7. Bd3 cxd4 8. exd4 Be7 9. h3 h6 10. 0-0 0-0 11. Re1 Rc8 12. Rc1 a6 13. Ne5 b5 14. a4 Qb6 15. axb5 axb5 16. b4 Ra8 17. Nb3 Rfd8 18. Bc2 Be8 19. Qd3 Kf8 20. Ng4 Ng8 21. Qh7 Bg5 22. Bxg5 hxg5 23. Nc5 Nce7 24. Re3 Rd6 25. Rce1 Bd7 26. Qh8 f5 27. Nxd7+ Rxd7 28. Rxe6 Qc7 29. Ne5 Rd6 30. Qh5 g6 31. Nxg6+ 1-0

[Event "Mecklenburg VP Verbandsliga 2021"]
[Site "Mecklenburg VP"]
[Date "2020.10.18"]
[Round "2.8"]
[White "Pamperin, Gerhard"]
[Black "Wurst, Oliver"]
[Result "1-0"]
[WhiteElo "1926"]
[BlackElo "1631"]
[PlyCount "48"]
[EventDate "2020.09.27"]
[EventType "team-tourn"]
[EventRounds "9"]
[EventCountry "GER"]
[SourceTitle "EXT 2024"]
[Source "ChessBase"]
[SourceDate "2023.10.10"]
[SourceVersion "1"]
[SourceVersionDate "2023.10.10"]
[SourceQuality "1"]
[WhiteTeam "Schwerin SF III"]
[BlackTeam "Rostock SSC 07"]
[WhiteTeamCountry "GER"]
[BlackTeamCountry "GER"]

1. d4 d5 2. Nf3 Nf6 3. e3 e6 4. c4 c6 5. Nc3 Bd6 6. Be2 0-0 7. 0-0 a6 8. c5 Bc7 9. b4 Nbd7 10. Bb2 Re8 11. a4 e5 12. dxe5 Nxe5 13. h3 Bf5 14. Nd4 Bd7 15. b5 axb5 16. axb5 Ba5 17. Qb3 Qe7 18. Na4 Bc7 19. bxc6 Nxc6 20. Nb5 Be5 21. Bxe5 Qxe5 22. Qc3 Re7 23. Nb6 Rxa1 24. Rxa1 Qb8 1-0

[Event "Mecklenburg VP Verbandsliga 1920"]
[Site "Mecklenburg VP"]
[Date "2020.03.01"]
[Round "7.7"]
[White "Pamperin, Gerhard"]
[Black "Haase, Sebastian"]
[Result "1/2-1/2"]
[WhiteElo "1918"]
[BlackElo "1857"]
[PlyCount "55"]
[EventDate "2019.09.29"]
[EventType "team-tourn"]
[EventRounds "9"]
[EventCountry "GER"]
[SourceTitle "EXT 2023"]
[Source "ChessBase"]
[SourceDate "2022.10.05"]
[SourceVersion "1"]
[SourceVersionDate "2022.10.05"]
[SourceQuality "1"]
[WhiteTeam "Schwerin SF II"]
[BlackTeam "Grevesmuehlen Blau Weiss"]
[WhiteTeamCountry "GER"]
[BlackTeamCountry "GER"]

1. d4 Nf6 2. Nf3 g6 3. c4 Bg7 4. Nc3 d6 5. e3 0-0 6. Be2 Nbd7 7. h3 e5 8. dxe5 Nxe5 9. 0-0 Be6 10. Nxe5 dxe5 11. e4 c6 12. Be3 Qc7 13. Qc2 Rfd8 14. b4 b5 15. c5 a5 16. a3 a4 17. Rad1 Rxd1 18. Bxd1 Rd8 19. Qb1 Bc4 20. Re1 Rd7 21. Bc2 Nh5 22. Rd1 Nf4 23. Rxd7 Qxd7 24. Qd1 Qxd1+ 25. Bxd1 Ne6 26. f3 Nd4 27. Kf2 f5 28. g3 1/2-1/2

[Event "WchT Seniors 65"]
[Site "Radebeul"]
[Date "2016.07.02"]
[Round "7.15"]
[White "Pamperin, Gerhard"]
[Black "Birk, Rainer"]
[Result "1/2-1/2"]
[WhiteElo "1936"]
[BlackElo "2136"]
[PlyCount "49"]
[EventDate "2016.06.26"]
[EventType "team-swiss"]
[EventRounds "9"]
[EventCountry "GER"]
[SourceTitle "CBM 173 Extra"]
[Source "ChessBase"]
[SourceDate "2016.08.29"]
[SourceVersion "1"]
[SourceVersionDate "2016.08.29"]
[SourceQuality "1"]
[WhiteTeam "Mecklenburg Vorpommern"]
[BlackTeam "Oberlausitz"]
[WhiteTeamCountry "GER"]
[BlackTeamCountry "GER"]

1. d4 Nf6 2. c4 e6 3. Nf3 b6 4. Nc3 Bb7 5. e3 Bb4 6. Bd2 0-0 7. Be2 d5 8. cxd5 exd5 9. 0-0 Nbd7 10. a3 Bd6 11. Nb5 Be7 12. b4 a6 13. Nc3 Bd6 14. Bd3 Ne4 15. Ne2 Qe7 16. Bc1 Kh8 17. Bb2 Rac8 18. Ng3 f5 19. Ne2 g5 20. g3 h6 21. Nd2 Ndf6 22. Nf3 Nd7 23. Ne1 g4 24. Ng2 Ndf6 25. Ngf4 1/2-1/2